00258nam a2200073Ia 4500082001800000245008300018100004200101008004100143 a658.3124 PRAC 0aPractising education, training and development in South African organisations  a COETZEE, Melinde Cape Town, 2007 210817s9999 xx 000 0 und d